Thần khúc

Đã lưu trong:
書目詳細資料
主要作者: Dantê, A.
其他作者: Lê Trí Viên (Dịch), Khương Hữu Dụng (Dịch)
格式: 圖書
語言:Vietnamese
出版: H. Văn học 1978
主題:
標簽: 添加標簽
沒有標簽, 成為第一個標記此記錄!
Thư viện lưu trữ: Mạng thư viện Đại học Đà Nẵng
LEADER 01198nam a2200373 4500
001 000004514
003 653
005 20120412100406.0
008 110721s1978 viesd
020 |c 12000 
041 0 |a vie 
082 |a 841  |b AL-D 
100 0 |a Dantê, A. 
245 0 |a Thần khúc  |c A. Dantê ; Lê Trí Viễn, Khương Hữu Dụng dịch 
260 |a H.  |b Văn học  |c 1978 
300 |a 306 tr : ảnh  |c 19 cm 
500 |a Dịch theo bản Pháp văn: La divine comédie 
653 |a Italia 
653 |a thơ 
653 |a Tiểu thuyết 
653 |a Văn học trung đại 
700 |a Lê Trí Viên  |e Dịch 
700 |a Khương Hữu Dụng  |e Dịch 
910 |a Nguyễn Thị Kim Oanh  |d 21/ 07/ 2011 
OWN |a LSP 
AVA |a UDN50  |b LSP  |d 841 AL-D  |e available  |t Error 5001 Not defined in file expand_doc_bib_avail.  |f 4  |g 1  |h N  |i 0  |k 1 
999 |a From the UDN01 
AVA |a UDN50  |b LSP  |d 841 AL-D  |e available  |t Error 5001 Not defined in file expand_doc_bib_avail.  |f 4  |g 1  |h N  |i 0  |k 1 
TYP |a Monograph 
TYP |a Printed language 
980 |a Mạng thư viện Đại học Đà Nẵng